header

Strategic management in crisis communication (Record no. 199888)

MARC details
000 -LEADER
fixed length control field 01193nam a2200301 a 4500
100 1# - MAIN ENTRY--AUTHOR NAME
Personal name Fronz, Christian.
245 10 - TITLE STATEMENT
Title Strategic management in crisis communication
260 ## - PUBLICATION, DISTRIBUTION, ETC. (IMPRINT)
Place of publication Hamburg :
Name of publisher Diplomica Verlag,
Year of publication 2012.
300 ## - PHYSICAL DESCRIPTION
Number of Pages xii, 208 p. :
Other physical details ill. (chiefly col.)
500 ## - GENERAL NOTE
General note Title from cover.
650 #0 - SUBJECT ADDED ENTRY--TOPICAL TERM
Topical Term Crisis management.
Topical Term Emergency communication systems.
856 40 - ELECTRONIC LOCATION AND ACCESS
Uniform Resource Identifier http://site.ebrary.com/lib/rucke/Doc?id=10553205

No items available.

© 2026 Rongo University
Contact us: librarian | system librarian | Rongo university